Biosignal and medical image processing / (Record no. 19598)
[ view plain ]
| 000 -LEADER | |
|---|---|
| fixed length control field | 01714cam a22003135a 4500 |
| 001 - CONTROL NUMBER | |
| control field | 17957011 |
| 005 - DATE AND TIME OF LATEST TRANSACTION | |
| control field | 20150621104453.0 |
| 008 - FIXED-LENGTH DATA ELEMENTS--GENERAL INFORMATION | |
| fixed length control field | 131126t2014 flua frb 001 0 eng d |
| 020 ## - INTERNATIONAL STANDARD BOOK NUMBER | |
| International Standard Book Number | 9781466567368 (hardcover : alk. paper) |
| 040 ## - CATALOGING SOURCE | |
| Original cataloging agency | DNLM/DLC |
| Language of cataloging | eng |
| Transcribing agency | DLC |
| Modifying agency | EG-ScBUE |
| 082 04 - DEWEY DECIMAL CLASSIFICATION NUMBER | |
| Classification number | 616.0754 |
| Item number | SEM |
| Edition number | 22 |
| 100 1# - MAIN ENTRY--PERSONAL NAME | |
| Personal name | Semmlow, John L. |
| 9 (RLIN) | 38182 |
| 245 10 - TITLE STATEMENT | |
| Title | Biosignal and medical image processing / |
| Statement of responsibility, etc | John L. Semmlow, Benjamin Griffel. |
| 250 ## - EDITION STATEMENT | |
| Edition statement | 3rd ed. |
| 260 ## - PUBLICATION, DISTRIBUTION, ETC. (IMPRINT) | |
| Place of publication, distribution, etc | Bacon Raton : |
| Name of publisher, distributor, etc | CRC Press / Taylor & Francis Group, |
| Date of publication, distribution, etc | c.2014. |
| 300 ## - PHYSICAL DESCRIPTION | |
| Extent | xxi, 607 p. : |
| Other physical details | ill. ; |
| Dimensions | 27 cm. |
| 500 ## - GENERAL NOTE | |
| General note | Index : p. 593-608. |
| 504 ## - BIBLIOGRAPHY, ETC. NOTE | |
| Bibliography, etc | Bibliography : p. 589-592. |
| 520 ## - SUMMARY, ETC. | |
| Summary, etc | "This third edition of a bestseller offers comprehensive coverage of the major approaches in biomedical signal and image processing. It provides a complete set of signal processing tools, including diagnostic decision-making tools, and classification methods. Thoroughly revised and updated, it supplies important new material on nonlinear methods for describing and classifying signals, including entropy-based methods and scaling methods. This edition covers data "cleaning" methods commonly used in such areas as heart rate variability studies, along with actual examples. It also includes new end-of-chapter problems"--Provided by publisher. |
| 650 #0 - SUBJECT ADDED ENTRY--TOPICAL TERM | |
| Topical term or geographic name as entry element | Signal Processing, Computer-Assisted |
| General subdivision | instrumentation. |
| Source of heading or term | BUEsh |
| 650 #0 - SUBJECT ADDED ENTRY--TOPICAL TERM | |
| Topical term or geographic name as entry element | Imaging systems in medicine. |
| Source of heading or term | BUEsh |
| 9 (RLIN) | 36644 |
| 650 #0 - SUBJECT ADDED ENTRY--TOPICAL TERM | |
| Topical term or geographic name as entry element | Biosensing Techniques. |
| Source of heading or term | BUEsh |
| 650 #0 - SUBJECT ADDED ENTRY--TOPICAL TERM | |
| Topical term or geographic name as entry element | Image Interpretation, Computer-Assisted |
| General subdivision | methods. |
| Source of heading or term | BUEsh |
| 651 ## - SUBJECT ADDED ENTRY--GEOGRAPHIC NAME | |
| Source of heading or term | BUEsh |
| 653 ## - INDEX TERM--UNCONTROLLED | |
| Resource For college | Engineering, Electrical |
| Arrived date list | June2015 |
| 655 ## - INDEX TERM--GENRE/FORM | |
| Form subdivision | |
| -- | 34232 |
| 700 1# - ADDED ENTRY--PERSONAL NAME | |
| Personal name | Griffel, Benjamin. |
| 942 ## - ADDED ENTRY ELEMENTS (KOHA) | |
| Source of classification or shelving scheme | Dewey Decimal Classification |
| Withdrawn status | Lost status | Source of classification or shelving scheme | Damaged status | Not for loan | Koha collection | Home library | Current library | Shelving location | Date acquired | Source of acquisition | Cost, normal purchase price | Total Checkouts | Total Renewals | Full call number | Barcode | Date last seen | Date last borrowed | Cost, replacement price | Koha item type |
|---|---|---|---|---|---|---|---|---|---|---|---|---|---|---|---|---|---|---|---|
| Dewey Decimal Classification | Baccah | Central Library | Central Library | First floor | 11/06/2015 | 620.00 | 2 | 7 | 616.0754 SEM | 000038404 | 15/07/2025 | 23/11/2017 | 775.00 | Book - Borrowing |